000 00750nam a22002537a 4500
001 BR9500368
003 BR-BrBNA
005 20230928094423.0
007 ta
008 230509b bl.||||| |||| 00| 0 por d
040 _aBR-BrBNA
_bpor
_cBiblioteca Nacional de Agricultura
041 _a(Por)
072 _aL02
_b5214
090 _ 5214 BR9500368
110 1 _aMinisterio da Agricultura, Brasilia, DF (Brasil). Escritorio de Producao Animal
_96811
245 1 _aPlano e Melhoramento da Alimentacao e do Manejo do Gado Leiteiro - PLAMAN
260 3 _aBrasilia, DF (Brasil):
_c1971.
300 _a29 p.
500 _a15 tables
650 _aGado Leiteiro
650 _aNutricao Animal
909 _a202309
_bLucia
_c55
_dLucia Elande
942 _cBK
999 _c50631
_d50631